Die Spannung aushalten und gestalten: homiletische Bemerkungen anlässlich der Studie "Kirche und Israel" der Leuenberger Kirchengemeinschaft
Saved in:
| Main Author: | |
|---|---|
| Format: | Chapter/Article |
| Language: | German |
| Published: |
2003
|
| In: |
Die Predigt des Alten Testaments
Year: 2003, Pages: 139-149 |
| Online Access: |
|
| Author Notes: | Helmut Schwier |
MARC
| LEADER | 00000caa a22000002c 4500 | ||
|---|---|---|---|
| 001 | 1444092421 | ||
| 003 | DE-627 | ||
| 005 | 20251030171912.0 | ||
| 007 | tu | ||
| 008 | 121112s2003 xx ||||| 00| ||ger c | ||
| 035 | |a (DE-627)1444092421 | ||
| 035 | |a (DE-576)374092427 | ||
| 035 | |a (DE-599)BSZ374092427 | ||
| 035 | |a (OCoLC)1340429148 | ||
| 040 | |a DE-627 |b ger |c DE-627 |e rakwb | ||
| 041 | |a ger | ||
| 084 | |a 12 |2 sdnb | ||
| 084 | |a 1 |2 ssgn | ||
| 100 | 1 | |a Schwier, Helmut |d 1959- |e VerfasserIn |0 (DE-588)111479614 |0 (DE-627)481320873 |0 (DE-576)289703735 |4 aut | |
| 245 | 1 | 4 | |a Die Spannung aushalten und gestalten |b homiletische Bemerkungen anlässlich der Studie "Kirche und Israel" der Leuenberger Kirchengemeinschaft |c Helmut Schwier |
| 264 | 1 | |c 2003 | |
| 336 | |a Text |b txt |2 rdacontent | ||
| 337 | |a ohne Hilfsmittel zu benutzen |b n |2 rdamedia | ||
| 338 | |a Band |b nc |2 rdacarrier | ||
| 773 | 0 | 8 | |i In |t Die Predigt des Alten Testaments |d Münster : Lit, 2003 |g (2003), Seite 139-149 |h VI, 153 Seiten |w (DE-627)363804633 |w (DE-576)106580825 |z 3825854639 |7 nnam |a Die Spannung aushalten und gestalten homiletische Bemerkungen anlässlich der Studie "Kirche und Israel" der Leuenberger Kirchengemeinschaft |
| 773 | 1 | 8 | |g year:2003 |g pages:139-149 |a Die Spannung aushalten und gestalten homiletische Bemerkungen anlässlich der Studie "Kirche und Israel" der Leuenberger Kirchengemeinschaft |
| 935 | |a mteo | ||
| 951 | |a AR | ||
| 992 | |a 20120801 | ||
| 993 | |a BookComponentPart | ||
| 994 | |a 2003 | ||
| 998 | |g 111479614 |a Schwier, Helmut |m 111479614:Schwier, Helmut |d 10000 |d 10500 |d 10000 |d 10200 |e 10000PS111479614 |e 10500PS111479614 |e 10000PS111479614 |e 10200PS111479614 |k 0/10000/ |k 1/10000/10500/ |k 0/10000/ |k 1/10000/10200/ |p 1 |x j |y j | ||
| 999 | |a KXP-PPN1444092421 |e 2720038458 | ||
| BIB | |a Y | ||
| JSO | |a {"relHost":[{"language":["ger","eng"],"title":[{"title_sort":"Predigt des Alten Testaments","title":"Die Predigt des Alten Testaments","subtitle":"Beiträge des Symposiums \"Das Alte Testament und die Kultur der Moderne\" anlässlich des 100. Geburtstags Gerhard von Rads (1901 - 1971), Heidelberg, 18. - 21. Oktober 2001 ; [Vorträge des Kolloquiums \"Die Predigt des Alten Testaments\" des Heidelberger Gerhard-von-Rad-Symposiums ; (20. und 21. Oktober 2001)]"}],"recId":"363804633","relRef":[{"note":["Rezension: Van Oorschot, Jürgen: , in: ThRv"]}],"origin":[{"dateIssuedDisp":"2003","dateIssuedKey":"2003","publisher":"Lit","publisherPlace":"Münster ; Hamburg ; London"}],"name":{"displayForm":["Wallace J. Alston ... (Hg.). Von Christian Möller ..."]},"disp":"Die Spannung aushalten und gestalten homiletische Bemerkungen anlässlich der Studie \"Kirche und Israel\" der Leuenberger KirchengemeinschaftDie Predigt des Alten Testaments","note":["Festschrift Gerhard von Rad"],"corporate":[{"role":"oth","display":"Symposium Das Alte Testament und die Kultur der Moderne anlässlich des 100. Geburtstags Gerhard von Rads (1901 - 1971) (2001, Heidelberg)"},{"display":"Kolloquium Die Predigt des Alten Testaments (2001, Heidelberg)","role":"oth"}],"relMultPart":[{"disp":"Altes Testament und Moderne","origin":[{"publisher":"LIT ; LIT ; LIT","publisherPlace":"Berlin ; Münster ; Wien ; Zürich ; Münster ; Berlin [u.a.]","dateIssuedDisp":"1998-","dateIssuedKey":"1998"}],"part":{"number":["16"],"number_sort":["16"]},"recId":"49019740X","title":[{"title":"Altes Testament und Moderne","title_sort":"Altes Testament und Moderne"}],"language":["ger"],"type":{"bibl":"serial"},"titleAlt":[{"title":"ATM"}],"pubHistory":["1.1998 -"],"dispAlt":"Altes Testament und Moderne","id":{"zdb":["2193015-6"],"issn":["2944-6287"],"eki":["49019740X"]}}],"part":{"text":"(2003), Seite 139-149","pages":"139-149","year":"2003"},"physDesc":[{"extent":"VI, 153 Seiten"}],"person":[{"role":"hnr","family":"Rad","display":"Rad, Gerhard von","given":"Gerhard von"},{"given":"Christian","display":"Möller, Christian","role":"edt","family":"Möller"},{"role":"edt","family":"Alston","display":"Alston, Wallace M.","given":"Wallace M."},{"given":"Helmut","display":"Schwier, Helmut","family":"Schwier","role":"edt"},{"family":"Alston","role":"prf","display":"Alston, Wallace M.","given":"Wallace M."}],"id":{"isbn":["3825854639"],"eki":["363804633"]},"type":{"bibl":"edited-book"}}],"person":[{"given":"Helmut","display":"Schwier, Helmut","role":"aut","family":"Schwier"}],"origin":[{"dateIssuedKey":"2003","dateIssuedDisp":"2003"}],"name":{"displayForm":["Helmut Schwier"]},"recId":"1444092421","title":[{"title_sort":"Spannung aushalten und gestalten","title":"Die Spannung aushalten und gestalten","subtitle":"homiletische Bemerkungen anlässlich der Studie \"Kirche und Israel\" der Leuenberger Kirchengemeinschaft"}],"language":["ger"],"type":{"bibl":"chapter"},"id":{"eki":["1444092421"]}} | ||
| SRT | |a SCHWIERHELSPANNUNGAU2003 | ||